Bezpečnostný riadiaci systém pre robotickú linku podľa VW štandardu

Saved in:
Bibliographic Details
Main Author: Pšenák, Márk (Author)
Other Authors: Körösi, Ladislav (Thesis advisor)
Format: Manuscript Book
Language:Slovak
Published: Bratislava : STU v Bratislave FEI, 2025
Subjects:
Online Access:https://opac.crzp.sk/?fn=detailBiblioFormChildYCA8N&sid=8D80AD18777FCC7F64B1BD4DC29E&seo=CRZP-detail-kniha
Tags: Add Tag
No Tags, Be the first to tag this record!

MARC

LEADER 00000ntm a22000003a 4500
001 stuzp101933
003 SK-STU
005 20260210110759.4
007 ta
008 150427s2015----xo-----f-mn---000-0-slo-d
040 |a STU  |b slo 
041 0 |a slo 
044 |a xo 
100 1 |a Pšenák, Márk  |u 031000  |4 aut  |U FEI Fakulta elektrotechniky a informatiky  |T FEI Ústav robotiky a kybernetiky  |X 124957  |U E011  |Y 356  |7 124957 
242 0 1 |a Safety Control System for Robotic Assembly Line According to VW Standards  |y eng 
245 1 0 |a Bezpečnostný riadiaci systém pre robotickú linku podľa VW štandardu 
260 |a Bratislava :  |b STU v Bratislave FEI,  |c 2025 
300 |a 90 s. 
650 4 |a Safety PLC  |2 slo 
650 4 |a Siemens PLC  |2 slo 
650 4 |a TIA Portal  |2 slo 
650 4 |a VW standard  |2 slo 
650 4 |a funkčná bezpečnosť  |2 slo 
650 4 |a TIA Portal  |2 eng 
650 4 |a Siemens PLC  |2 eng 
650 4 |a Safety PLC  |2 eng 
650 4 |a functional safety  |2 eng 
650 4 |a VW standard  |2 eng 
700 1 |a Körösi, Ladislav  |u 031000  |k Z1  |4 ths  |U FEI Fakulta elektrotechniky a informatiky  |T FEI Ústav robotiky a kybernetiky  |X 4960  |U E011  |Y 356  |7 A000004960 
856 4 |u https://opac.crzp.sk/?fn=detailBiblioFormChildYCA8N&sid=8D80AD18777FCC7F64B1BD4DC29E&seo=CRZP-detail-kniha